000 00515nam a22001937a 4500
003 OSt
005 20180116183057.0
008 161025b xxu||||| |||| 00| 0 eng d
020 _a0256056803
040 _c0
082 _a658.562 GIT 1989
100 _aGitlow,Howard
245 _aTools and Methods For The Improvement of Quality
_cHoward Gitlow
260 _aBoston
_bIRWIN
_c1989
300 _a603p.
_bHB.
440 _aTools and Methods For The Improvement of Quality
500 _aHB.
942 _2ddc
_cBK
999 _c351887
_d351887